LEADER 01014nam a2200265 u 4500 001 000000079502 003 CaOOAMICUS 005 20070226123539.0 008 040604s1999 it u000 u ita u 020 $a88-13-22147-9 (v.1) 035 $a10997923 040 $aPUL$bita 100 1 $aAttardi, Aldo.$0(OLS)http://pul/name/52957 245 10$aDiritto processuale civile /$cAldo Attardi. 250 $a3. ed. 260 $aPadova :$bCEDAM,$c1999- 300 $av. < 1> ;$c24 cm 505 1 $av.1: " Parte generale" -- 650 4$aProcedura civile$zItalia$xManuali.$0(OLS)http://pul/subject/27610 850 $aPUL 852 $aPUL$W1$xSL Diritto e Scienze Sociali 3$y79$m347. 45 ATTAL 1$j101725$nBK-PRI$av. 1$qDDC 21$B101725$CPULBib$Z2$F101725 $H94754 $82 941 1 $a9 996 $6020$a88-13-22147-9 (v.1)$9(OLS)http://pul/number/104568 996 $6245$aDiritto processuale civile$9(OLS)http://pul/title/54747 996 $6260$aPadova :$bCEDAM$9(OLS)http://pul/publisher/48126 LEADER 01567nam a2200361 u 4500 001 000000049142 003 CaOOAMICUS 005 20070226115058.0 008 000616s2000 it u000 u ita u 020 $a8821542297 035 $a10850347 040 $aPUL$bita 041 1 $aita$hger 100 0 $aBenedictus PP.$bXVI,$d1927-2022.$0(OLS)http://pul/name/14991 240 14$aDie Vielfalt der Religionen und der Eine Bund.$lItaliano.$0(OLS)http://pul/title/66258 245 13$aLa Chiesa, Israele e le religioni del mondo /$cJoseph Ratzinger. 260 $aCinisello Balsamo :$bSan Paolo,$cc2000. 300 $a81 p. ;$c22 cm 490 1 $aSaggi teologici ;$v23 500 $aContiene indici. 650 4$aCristianesimo e altre religioni$xGiudaismo.$0(OLS)http://pul/subject/2372 830 0$aSaggi teologici (San Paolo) ;$v23.$0(OLS)http://pul/title/66260 850 $aPUL 852 $aPUL$W1$xSL Religione 1$y3$m75 P 31$j65347$nBK-PRI$b $qStampati$B65347$CPULBib$Z2$F65347 $H $81 900 $aRatzinger, Joseph,$ccard.,$d1927-2022$914991 900 $aBenedetto XVI,$cpapa,$d1927-$914991 910 $aPapi (2005-2013 : Benedictus PP. XVI)$914991 910 $aPapi (2005-2013 : Benedictus PP. XVI)$914991 941 1 $a8 960 $aGiudaismo$xRelazioni$xCristianesimo$92372 996 $6020$a8821542297$9(OLS)http://pul/number/62017 996 $6245$aLa Chiesa, Israele e le religioni del mondo$9(OLS)http://pul/title/66259 996 $6260$aCinisello Balsamo :$bSan Paolo$9(OLS)http://pul/publisher/54577